00662nam a2200169 a 4500003000200000005001700002008004100019050003400060100002500094245007700119260009300196300004100289504004100330650003500371650004300406650004300449020250220122019.0111115s19uu xx 00 eng d aPGS QR 201.3.I67b.D148 2011  aDalma, Argen Bhieyl. aEffect of Ipomea batatas on Staphylococcus aureus /cArgen Bhieyl Dalma. aLas Piñas City, Philippines : bSouthville International School and Colleges, c2011. a21 pages :billustrations ; c28 cm. aIncludes bibliographical references. aStaphylococcus aureusvGrowth. aSweet potatoesvAntimicrobial effects. aPlant extractsvAntimicrobial effects.